"Wir Mendes": (Titelsatznr. 80633)
[ MARC ]
| 000 -Satzkennung | |
|---|---|
| Kontrollfeld mit fester Länge | 00790nam a2200205 4500 |
| 008 - Feld mit fester Länge zur physischen Beschreibung - Allgemeine Angaben | |
| Kontrollfeld mit fester Länge | 210202b ||||| |||| 00| 0 eng d |
| 040 ## - Katalogisierungsquelle | |
| Übertragungsstelle | STAFF |
| 041 ## - Sprachcode | |
| Sprachcode des Textes/der Tonspur oder des separaten Titels | ger |
| 100 ## - Haupteintragung - Personenname | |
| Personenname | Bamberger, Max: |
| 245 ## - Titel | |
| Titel | "Wir Mendes": |
| Zusatz zum Titel | Geschichte und Geschichten einer jüdischen Familie aus Frankfurt an der Oder/ |
| Verfasserangabe etc. | Max Bamberger ; Käthe Mende. Hrsg.: Michael Heinzmann, Katja Martin, Sarah Pohl |
| 260 ## - Publikation, Vertrieb usw. (Erscheinungsvermerk) | |
| Erscheinungsort, Vertriebsort etc. | Potsdam: |
| Name des Verlags, des Vertriebs etc. | arijeh-verlag |
| Date of publication, distribution, etc | [2019] |
| 300 ## - Physische Beschreibung | |
| Umfang | 212 S.: Abb. |
| 500 ## - Allgemeine Fußnote | |
| Allgemeine Fußnote | Enthält: Ahnentafel der Familie Mende(l), 1 Blatt; Vorzugsdruck zur Buchpräsentation am 04.12.2019 |
| 653 ## - Indexierungsterm - Nicht normiert | |
| Nicht-normierter Term | Frankfurt (Oder) |
| 653 ## - Indexierungsterm - Nicht normiert | |
| Nicht-normierter Term | Mende <Familie> |
| 653 ## - Indexierungsterm - Nicht normiert | |
| Nicht-normierter Term | Judentum |
| 653 ## - Indexierungsterm - Nicht normiert | |
| Nicht-normierter Term | Bamberger, Max (1846-1919) |
| 653 ## - Indexierungsterm - Nicht normiert | |
| Nicht-normierter Term | Mende, Käthe (1878-1963) |
| -- | Mende, Louis (1782-1857) |
| 942 ## - Zusätzliche Felder (Koha) | |
| Klassifikation oder Aufstellungssystematik | Andere/Generische Klassifikation |
| Koha-Medientyp | Bücher |
| Ausgeschieden | Verloren | Klassifikation oder Aufstellungssystematik | Beschädigt | Nicht entleihbar | Permanenter Standort | Aktueller Standort | Aufstellungsort | Erwerbungsdatum | Kodierter Standort-Qualifier | Anzahl Ausleihen | Signatur | Letzte Aktivität | Exemplarnummer | Preis gültig von | Medientyp |
|---|---|---|---|---|---|---|---|---|---|---|---|---|---|---|---|
| Andere/Generische Klassifikation | Stadtarchiv Frankfurt (Oder) | Archivbibliothek | Stadtarchiv Frankfurt (Oder) | Archivbibliothek | Lesesaal | 02/02/2021 | L | FP 49 ; II: 5001 | 02/02/2021 | 248/2020 | 02/02/2021 | Bücher |